01441nam a2200361 a 4500001001200000003000800012006001900020007001500039008004100054010001700095015001900112016001800131020001800149020001500167040002100182035002100203050002700224082001900251245012500270260004600395300002400441490006000465504005100525533015200576650002400728650003500752650003900787655002900826700002000855710001700875830006100892856012600953ebr10312906CaPaEBRm u cr cn|||||||||080930s2008 maua sb 001 0 eng d z 2008298539 aGBA8998332bnb7 z0146783732Uk z9781596931442 z1596931442 aCaPaEBRcCaPaEBR a(OCoLC)60862439814aRC78.7.U4bA375 2008eb04a616.07/54322200aAdvances in diagnostic and therapeutic ultrasound imagingh[electronic resource] /cJajit S. Suri ... [et al.], editors. aBoston ;aLondon :bArtech House,cc2008. axvi, 431 p. :bill.1 aArtech House bioinformatics & biomedical imaging series aIncludes bibliographical references and index. aElectronic reproduction.bPalo Alto, Calif. :cebrary,d2013.nAvailable via World Wide Web.nAccess may be limited to ebrary affiliated libraries. 0aUltrasonic imaging. 0aDiagnostic ultrasonic imaging. 0aUltrasonic wavesxTherapeutic use. 7aElectronic books.2local1 aSuri, Jasjit S.2 aebrary, Inc. 0aArtech House bioinformatics & biomedical imaging series.40uhttp://site.ebrary.com/lib/rucke/Doc?id=10312906zAn electronic book accessible through the World Wide Web; click to view